| 000 | 00837nam a2200205Ia 4500 | ||
|---|---|---|---|
| 003 | Ost | ||
| 005 | 20260507075028.0 | ||
| 008 | 260507s9999||||xx |||||||||||||| ||und|| | ||
| 040 | _cfsecg | ||
| 041 | _aara | ||
| 082 | _a330 | ||
| 100 |
_aأبو قحف، عبد السلام _eمؤلف |
||
| 245 | 0 |
_aأساسيات التنظيم والادارة / _c عبد السلام أبو قحف |
|
| 260 |
_aالاسكندرية: _bدار المعرفة الجامعية, _c2001 |
||
| 300 |
_a281 صفحة؛ _bإيضاحات ؛ _c23 سم |
||
| 520 | _aالتخطيط، التنظيم، التوجيه، الرقابة وتقييم الاداء، ادارة الاعمال الدولية، نظم المعلومات | ||
| 653 | _aالادارة، التخطيط | ||
| 653 | _aالرقابة، نظم المعلومات | ||
| 942 | _cكتاب | ||
| 999 |
_c42352 _d42352 |
||